|
|
|
|
| LEADER |
00000cam a2200000 7i4500 |
| 001 |
0000048341 |
| 005 |
20010828.0 |
| 020 |
|
|
|a 0091827612
|
| 090 |
0 |
0 |
|a 649.1
|b KAS
|
| 100 |
1 |
|
|a Kashani, Javad H.
|
| 245 |
0 |
0 |
|a How to raise a happy child :
|b Effective strategies to ensure the well- being of your child from birth to adulthood
|c Javad H. Kashani...[et.al]
|
| 260 |
|
|
|a London :
|b Vermilion ,
|c 2000
|
| 300 |
|
|
|a 268p. ;
|c 25cm.
|
| 650 |
0 |
0 |
|a Child rearing
|
| 650 |
0 |
0 |
|a Parenting
|
| 650 |
0 |
0 |
|a Parents and child
|
| 999 |
|
|
|a 00102026
|b BUKU
|c PINJAMAN
|e PERPUSTAKAAN KOMUNITI PETALING JAYA
|
| 999 |
|
|
|a 00102127
|b BUKU
|c PINJAMAN
|e PERPUSTAKAAN KOMUNITI PETALING JAYA
|